ASEAN Countries - Statistics

General Stats
  • This quiz has been taken 438 times
  • The average score is 11 of 12
Answer Stats
Status Country % Correct
Full member Thailand
97%
Full member Cambodia
95%
Full member Indonesia
95%
Full member Malaysia
95%
Full member Laos
94%
Full member Myanmar
91%
Full member Vietnam
91%
Full member Brunei
90%
Full member Singapore
90%
Full member Philippines
86%
Observer Timor-Leste
77%
Observer Papua New Guinea
57%
No matching quizzes found
Score Distribution
Percent of People with Each Score
Percentile by Number Answered
Your Score History
You have not taken this quiz